Diagnóstico de productividad y calidad taller de transformadores de INE

Presenta un diagnóstico de productividad y calidad en el taller de transformadores eléctrico de INE. El presente estudio está enmarcado en la productividad y calidad de la remanufactura de los transformadores del taller, pretendiendo explorar las principales áreas que conforman el proceso produc...

Full description

Bibliographic Details
Main Author: Rocha Pérez, Emelda del Socorro
Other Authors: Tutor: D´melo Carvalho, Aristeu Tadeu
Format: Tesis Section = Libro
Language:Undetermined
Spanish
Published: Managua UNI 1996
Subjects:
LEADER 01148nam a2200205Ia 4500
008 240830s9999 xx 000 0 und d
040 |a BIBLIOTECA-RUPAP Mon 621.314 R672 
041 |a spa 
082 |a Mon 621.314 R672 
100 1 |a Rocha Pérez, Emelda del Socorro 
245 1 0 |a Diagnóstico de productividad y calidad taller de transformadores de INE 
260 |a Managua  |b UNI  |c 1996 
300 |a 146 p. :il. 
502 |a Tesis (Ingeniero Industrial)- UNI, 1996. 
520 3 |a Presenta un diagnóstico de productividad y calidad en el taller de transformadores eléctrico de INE. El presente estudio está enmarcado en la productividad y calidad de la remanufactura de los transformadores del taller, pretendiendo explorar las principales áreas que conforman el proceso productivo del mismo, enfocando los problemas que dificultan el desarrollo del taller de manera que la gerencia pueda tomar decisiones que contribuyan a entrar a un proceso de cambio y adaptarse a las alteraciones del medio. 
650 7 |a TRANSFORMADORES ELECTRICOS 
700 1 |a Tutor:  |b D´melo Carvalho, Aristeu Tadeu 
942 |c BK  |2 ddc 
991 |a TESIS 
999 |c 15757